Catálogo
 En Linea

Matemática : (Registro nro. 45121)

Detalles MARC
000 -CABECERA
campo de control de longitud fija 01448nam a2200217 a 4500
001 - NÚMERO DE CONTROL
campo de control 000045632
005 - FECHA Y HORA DE LA ÚLTIMA TRANSACCIÓN
campo de control 20201002052345.0
008 - DATOS DE LONGITUD FIJA--INFORMACIÓN GENERAL
campo de control de longitud fija 150130s2013 dr ac 000 0 spa d
020 ## - NÚMERO INTERNACIONAL ESTÁNDAR DEL LIBRO
Número Internacional Estándar del Libro 9789945121513 (v. 7)
020 ## - NÚMERO INTERNACIONAL ESTÁNDAR DEL LIBRO
Número Internacional Estándar del Libro 9789945121520 (v. 8)
040 ## - FUENTE DE LA CATALOGACIÓN
Centro catalogador/agencia de origen DO-SdBNP
Lengua de catalogación spa
Centro/agencia transcriptor BNPHU
082 ## - NÚMERO DE LA CLASIFICACIÓN DECIMAL DEWEY
Número de clasificación xxxx
Número de documento/Ítem xxxx
245 00 - MENCIÓN DE TÍTULO
Título Matemática :
Resto del título educación básica /.
260 ## - PUBLICACIÓN, DISTRIBUCIÓN, ETC.
Lugar de publicación, distribución, etc. Santo Domingo :
Nombre del editor, distribuidor, etc. Susaeta ediciones
-- Ministerio de Educación,
Fecha de publicación, distribución, etc. 2013.
300 ## - DESCRIPCIÓN FÍSICA
Extensión 8 v. :
Otras características físicas il., retrs. ;
Dimensiones 28 cm.
500 ## - NOTA GENERAL
Nota general educación básica
500 ## - NOTA GENERAL
Nota general Edición especial para el Ministerio de Educación
500 ## - NOTA GENERAL
Nota general La biblioteca solamente posee el volumen 7 y 8.
505 1# - NOTA DE CONTENIDO CON FORMATO
Nota de contenido con formato v. 7 :
Información miscelánea unidad 1 --
Título Números enteros. Operaciones --
Información miscelánea unidad 2 --
Título Múltiplos y divisores --
Información miscelánea unidad 3 --
Título Fracciones --
Información miscelánea unidad 4 --
Título Magnitudes --
Información miscelánea unidad 5 --
Título Elementos geométricos --
Información miscelánea unidad 6 --
Título Polígonos --
Información miscelánea unidad 7 --
Título Poliedros --
Información miscelánea unidad 8 --
Título Estadística --
Información miscelánea unidad 9 --
Título Probabilidades --
505 1# - NOTA DE CONTENIDO CON FORMATO
Nota de contenido con formato v. 8 :
Información miscelánea unidad 1 --
Título Proporcionalidad numérica --
Información miscelánea unidad 2 --
Título Números enteros, racionales, irracionales y reales --
Información miscelánea unidad 3 --
Título Preálgebra. Uso de las letras --
Información miscelánea unidad 4 --
Título Ecuaciones e inecuaciones --
Información miscelánea unidad 5 --
Título Geometría de coordenadas --
Información miscelánea unidad 6 --
Título Magnitudes --
Información miscelánea unidad 7 --
Título Unidades de superficie y de volumen de los cuerpos redondos --
Información miscelánea unidad 8 --
Título Recolección, organización análisis de información --
Información miscelánea unidad 9 --
Título Probabilidades --
Existencias
Estado de retiro Estado de pérdida No para préstamo Código de colección Localización permanente Ubicación/localización actual Ubicación en estantería Fecha de adquisición Número de inventario Total de préstamos Signatura topográfica completa Código de barras Fecha visto por última vez Precio válido a partir de Tipo de ítem Koha
    Excluido de préstamo Patrimonio Dominicano Patrimonio Dominicano Patrimonio Dominicano Depósito 17.04.2015 LF1   xxxx xxxx 45632-10 25.06.2020 25.06.2020 Libro y Folleto Colección Patrimonio Dominicano

Con tecnología Koha